| 000 | 01517cam a2200373 i 4500 | ||
|---|---|---|---|
| 999 |
_c232858 _d232858 |
||
| 001 | 17252092 | ||
| 003 | Nust | ||
| 005 | 20170224100330.0 | ||
| 008 | 120403s2012 enk b 001 0 eng c | ||
| 010 | _a 2012012636 | ||
| 020 | _a9783034302722 (pbk.) | ||
| 040 |
_aICU/DLC _beng _cICU _erda _dDLC |
||
| 042 | _apcc | ||
| 043 | _aa-pk--- | ||
| 050 | 0 | 0 |
_aJZ5675 _b.A25 2012 |
| 082 | 0 | 0 |
_a327.1747095491 _bABB |
| 100 | 1 |
_aAbbasi, Rizwana, _d1978- |
|
| 245 | 1 | 0 |
_aPakistan and the new nuclear taboo : _bregional deterrence and the international arms control regime / _cRizwana Abbasi. |
| 264 | 1 |
_aOxford ; _aNew York : _bPeter Lang, _c2012. |
|
| 300 |
_axv, 355 pages ; _c23 cm. |
||
| 336 |
_atext _2rdacontent |
||
| 337 |
_aunmediated _2rdamedia |
||
| 338 |
_avolume _2rdacarrier |
||
| 490 | 1 |
_aStudies in the history of religious and political pluralism ; _v7 |
|
| 504 | _aIncludes bibliographical references (pages 313-339) and index. | ||
| 650 | 0 |
_aNuclear nonproliferation _zPakistan. |
|
| 650 | 0 |
_aNuclear weapons _xGovernment policy _zPakistan. |
|
| 650 | 0 |
_aNuclear weapons _zPakistan. |
|
| 650 | 0 | _aDeterrence (Strategy) | |
| 650 | 0 | _aNuclear arms control. | |
| 830 | 0 |
_aStudies in the history of religious and political pluralism ; _v7. |
|
| 906 |
_a7 _bcbc _corignew _d1 _eecip _f20 _gy-gencatlg |
||
| 942 |
_2ddc _cBK |
||